<?xml version="1.0" encoding="UTF-8"?>
<record
    xmlns:xsi="http://www.w3.org/2001/XMLSchema-instance"
    xsi:schemaLocation="http://www.loc.gov/MARC21/slim http://www.loc.gov/standards/marcxml/schema/MARC21slim.xsd"
    xmlns="http://www.loc.gov/MARC21/slim">

  <leader>01990nam a22002897a 4500</leader>
  <controlfield tag="003">NALT</controlfield>
  <controlfield tag="005">20250623142018.0</controlfield>
  <controlfield tag="008">      s2546    th                  tha d</controlfield>
  <datafield tag="040" ind1=" " ind2=" ">
    <subfield code="a">NALT</subfield>
  </datafield>
  <datafield tag="041" ind1=" " ind2=" ">
    <subfield code="a">tha</subfield>
  </datafield>
  <datafield tag="050" ind1=" " ind2=" ">
    <subfield code="a">JS 7408.6.P66 </subfield>
    <subfield code="b">&#xE19;322&#xE01; 2546</subfield>
  </datafield>
  <datafield tag="100" ind1="0" ind2=" ">
    <subfield code="a">&#xE19;&#xE27;&#xE25;&#xE19;&#xE49;&#xE2D;&#xE22; &#xE15;&#xE23;&#xE35;&#xE23;&#xE31;&#xE15;&#xE19;&#xE4C;</subfield>
    <subfield code="9">5566</subfield>
  </datafield>
  <datafield tag="245" ind1="1" ind2="0">
    <subfield code="a">&#xE01;&#xE32;&#xE23;&#xE21;&#xE35;&#xE2A;&#xE48;&#xE27;&#xE19;&#xE23;&#xE48;&#xE27;&#xE21;&#xE02;&#xE2D;&#xE07;&#xE1B;&#xE23;&#xE30;&#xE0A;&#xE32;&#xE0A;&#xE19;&#xE43;&#xE19;&#xE01;&#xE32;&#xE23;&#xE15;&#xE23;&#xE27;&#xE08;&#xE2A;&#xE2D;&#xE1A;&#xE01;&#xE32;&#xE23;&#xE14;&#xE33;&#xE40;&#xE19;&#xE34;&#xE19;&#xE07;&#xE32;&#xE19;&#xE02;&#xE2D;&#xE07;&#xE2D;&#xE07;&#xE04;&#xE4C;&#xE01;&#xE32;&#xE23;&#xE1A;&#xE23;&#xE34;&#xE2B;&#xE32;&#xE23;&#xE2A;&#xE48;&#xE27;&#xE19;&#xE15;&#xE33;&#xE1A;&#xE25; /</subfield>
    <subfield code="c">&#xE19;&#xE27;&#xE25;&#xE19;&#xE49;&#xE2D;&#xE22; &#xE15;&#xE23;&#xE35;&#xE23;&#xE31;&#xE15;&#xE19;&#xE4C;, &#xE2A;&#xE21;&#xE04;&#xE34;&#xE14; &#xE40;&#xE25;&#xE34;&#xE28;&#xE44;&#xE1E;&#xE11;&#xE39;&#xE23;&#xE22;&#xE4C;, &#xE42;&#xE0A;&#xE15;&#xE34;&#xE0A;&#xE31;&#xE22; &#xE40;&#xE08;&#xE23;&#xE34;&#xE0D;&#xE07;&#xE32;&#xE21;, &#xE28;&#xE34;&#xE27;&#xE23;&#xE31;&#xE01;&#xE29;&#xE4C; &#xE28;&#xE34;&#xE27;&#xE32;&#xE23;&#xE21;&#xE22;&#xE4C;, &#xE20;&#xE34;&#xE0D;&#xE42;&#xE0D; &#xE15;&#xE31;&#xE19;&#xE1E;&#xE34;&#xE17;&#xE22;&#xE04;&#xE38;&#xE1B;&#xE15;&#xE4C;, &#xE15;&#xE23;&#xE30;&#xE01;&#xE39;&#xE25; &#xE21;&#xE35;&#xE0A;&#xE31;&#xE22;, &#xE19;&#xE1E;&#xE19;&#xE31;&#xE19;&#xE17;&#xE4C; &#xE27;&#xE23;&#xE23;&#xE13;&#xE40;&#xE17;&#xE1E;&#xE2A;&#xE01;&#xE38;&#xE25;.</subfield>
  </datafield>
  <datafield tag="260" ind1=" " ind2=" ">
    <subfield code="a">&#xE01;&#xE23;&#xE38;&#xE07;&#xE40;&#xE17;&#xE1E;&#xE2F; : </subfield>
    <subfield code="b">&#xE2A;&#xE33;&#xE19;&#xE31;&#xE01;&#xE07;&#xE32;&#xE19;&#xE04;&#xE13;&#xE30;&#xE01;&#xE23;&#xE23;&#xE21;&#xE01;&#xE32;&#xE23;&#xE1B;&#xE49;&#xE2D;&#xE07;&#xE01;&#xE31;&#xE19;&#xE41;&#xE25;&#xE30;&#xE1B;&#xE23;&#xE32;&#xE1A;&#xE1B;&#xE23;&#xE32;&#xE21;&#xE01;&#xE32;&#xE23;&#xE17;&#xE38;&#xE08;&#xE23;&#xE34;&#xE15;&#xE41;&#xE2B;&#xE48;&#xE07;&#xE0A;&#xE32;&#xE15;&#xE34;, </subfield>
    <subfield code="c">2546</subfield>
  </datafield>
  <datafield tag="300" ind1=" " ind2=" ">
    <subfield code="a">112 &#xE2B;&#xE19;&#xE49;&#xE32; :</subfield>
    <subfield code="b">&#xE15;&#xE32;&#xE23;&#xE32;&#xE07;, &#xE41;&#xE1C;&#xE19;&#xE1C;&#xE31;&#xE07; ;</subfield>
    <subfield code="c">29 &#xE0B;&#xE21;.</subfield>
  </datafield>
  <datafield tag="610" ind1="2" ind2="4">
    <subfield code="a">&#xE2D;&#xE07;&#xE04;&#xE4C;&#xE01;&#xE32;&#xE23;&#xE1A;&#xE23;&#xE34;&#xE2B;&#xE32;&#xE23;&#xE2A;&#xE48;&#xE27;&#xE19;&#xE15;&#xE33;&#xE1A;&#xE25;</subfield>
    <subfield code="x">&#xE01;&#xE32;&#xE23;&#xE21;&#xE35;&#xE2A;&#xE48;&#xE27;&#xE19;&#xE23;&#xE48;&#xE27;&#xE21;&#xE02;&#xE2D;&#xE07;&#xE1B;&#xE23;&#xE30;&#xE0A;&#xE32;&#xE0A;&#xE19;</subfield>
    <subfield code="9">63960</subfield>
  </datafield>
  <datafield tag="650" ind1=" " ind2="4">
    <subfield code="a">&#xE01;&#xE32;&#xE23;&#xE21;&#xE35;&#xE2A;&#xE48;&#xE27;&#xE19;&#xE23;&#xE48;&#xE27;&#xE21;&#xE02;&#xE2D;&#xE07;&#xE1B;&#xE23;&#xE30;&#xE0A;&#xE32;&#xE0A;&#xE19;</subfield>
    <subfield code="9">12673</subfield>
  </datafield>
  <datafield tag="700" ind1="0" ind2=" ">
    <subfield code="a">&#xE2A;&#xE21;&#xE04;&#xE34;&#xE14; &#xE40;&#xE25;&#xE34;&#xE28;&#xE44;&#xE1E;&#xE11;&#xE39;&#xE23;&#xE22;&#xE4C;</subfield>
    <subfield code="9">12679</subfield>
  </datafield>
  <datafield tag="700" ind1="0" ind2=" ">
    <subfield code="a">&#xE42;&#xE0A;&#xE15;&#xE34;&#xE0A;&#xE31;&#xE22; &#xE40;&#xE08;&#xE23;&#xE34;&#xE0D;&#xE07;&#xE32;&#xE21;</subfield>
    <subfield code="9">52298</subfield>
  </datafield>
  <datafield tag="700" ind1="0" ind2=" ">
    <subfield code="a">&#xE28;&#xE34;&#xE27;&#xE23;&#xE31;&#xE01;&#xE29;&#xE4C; &#xE28;&#xE34;&#xE27;&#xE32;&#xE23;&#xE21;&#xE22;&#xE4C;</subfield>
    <subfield code="9">63961</subfield>
  </datafield>
  <datafield tag="700" ind1="0" ind2=" ">
    <subfield code="a">&#xE20;&#xE34;&#xE0D;&#xE42;&#xE0D; &#xE15;&#xE31;&#xE19;&#xE1E;&#xE34;&#xE17;&#xE22;&#xE04;&#xE38;&#xE1B;&#xE15;&#xE4C;</subfield>
    <subfield code="9">63962</subfield>
  </datafield>
  <datafield tag="700" ind1="0" ind2=" ">
    <subfield code="a">&#xE15;&#xE23;&#xE30;&#xE01;&#xE39;&#xE25; &#xE21;&#xE35;&#xE0A;&#xE31;&#xE22;</subfield>
    <subfield code="9">61100</subfield>
  </datafield>
  <datafield tag="700" ind1="0" ind2=" ">
    <subfield code="a">&#xE19;&#xE1E;&#xE19;&#xE31;&#xE19;&#xE17;&#xE4C; &#xE27;&#xE23;&#xE23;&#xE13;&#xE40;&#xE17;&#xE1E;&#xE2A;&#xE01;&#xE38;&#xE25;</subfield>
    <subfield code="9">47898</subfield>
  </datafield>
  <datafield tag="850" ind1=" " ind2=" ">
    <subfield code="a">NALT</subfield>
  </datafield>
  <datafield tag="942" ind1=" " ind2=" ">
    <subfield code="c">RSH</subfield>
    <subfield code="2">lcc</subfield>
  </datafield>
  <datafield tag="999" ind1=" " ind2=" ">
    <subfield code="c">31184</subfield>
    <subfield code="d">31184</subfield>
  </datafield>
  <datafield tag="998" ind1=" " ind2=" ">
    <subfield code="j">104</subfield>
    <subfield code="k"> &#xE19;&#xE32;&#xE07;&#xE2A;&#xE32;&#xE27;&#xE2A;&#xE32;&#xE22;&#xE1D;&#xE19;  &#xE14;&#xE35;&#xE07;&#xE32;&#xE21;</subfield>
  </datafield>
  <datafield tag="952" ind1=" " ind2=" ">
    <subfield code="0">0</subfield>
    <subfield code="1">0</subfield>
    <subfield code="2">lcc</subfield>
    <subfield code="4">0</subfield>
    <subfield code="7">0</subfield>
    <subfield code="8">CRSH</subfield>
    <subfield code="a">NALT</subfield>
    <subfield code="b">NALT</subfield>
    <subfield code="c">RSH</subfield>
    <subfield code="l">0</subfield>
    <subfield code="o">&#xE27; JS 7408.6.P66 &#xE19;322&#xE01; 2546</subfield>
    <subfield code="p">3961147910</subfield>
    <subfield code="r">2024-07-08 00:00:00</subfield>
    <subfield code="w">2017-06-09</subfield>
    <subfield code="y">RSH</subfield>
  </datafield>
  <datafield tag="952" ind1=" " ind2=" ">
    <subfield code="0">0</subfield>
    <subfield code="1">0</subfield>
    <subfield code="2">lcc</subfield>
    <subfield code="4">0</subfield>
    <subfield code="7">0</subfield>
    <subfield code="8">CSEN</subfield>
    <subfield code="a">NALT</subfield>
    <subfield code="b">NALT</subfield>
    <subfield code="c">RSH</subfield>
    <subfield code="d">2024-04-19</subfield>
    <subfield code="l">1</subfield>
    <subfield code="m">1</subfield>
    <subfield code="o">&#xE27; JS 7408.6.P66 &#xE19;322&#xE01; 2546</subfield>
    <subfield code="p">0100008840001</subfield>
    <subfield code="r">2025-01-08 00:00:00</subfield>
    <subfield code="s">2024-12-18</subfield>
    <subfield code="w">2024-04-19</subfield>
    <subfield code="y">RSH</subfield>
  </datafield>
</record>
